| 000 | 00810nam a2200301 i 4500 | ||
|---|---|---|---|
| 001 | bgj | ||
| 100 | 1 | _aGRISHAM, John. | |
| 245 | 1 | 0 |
_aThe Pelican Brief / _cJohn Grisham ; retold by Robin Waterfield. |
| 260 |
_aHarlow : _bPearson Education Limited, _c1999. |
||
| 300 |
_aV, 74 pp : _bill. ; _c20 cm. |
||
| 490 | 1 | _aPenguin Readers | |
| 650 | 9 |
_aJudges _xCrimes against |
|
| 650 | 9 | _aWomen law students | |
| 650 | 9 | _aAssassination | |
| 650 | 9 | _aJournalists | |
| 650 | 9 | _aWitnesses | |
| 650 | 9 | _aDetective and mystery stories | |
| 650 | 9 | _aLegal stories | |
| 655 | _aFiction | ||
| 700 | 1 | _aWATERFIELD, Robin | |
| 830 | _aPenguin Readers | ||
| 020 | _a0582816971 | ||
| 040 | _cBPK | ||
| 041 | 0 | _aeng | |
| 920 | _a0-582-81697-1 | ||
| 942 | _cKS | ||
| 008 | s uk f |000 0 eng | ||
| 999 |
_c48310 _d48310 |
||
| 856 |
_uhttp://koha.tu.koszalin.pl/cgi-bin/koha/opac-detail.pl?biblionumber=48310 _yKatalog online BPK |
||